| 000 | 00526nam a2200181Ia 4500 | ||
|---|---|---|---|
| 005 | 20250508152031.0 | ||
| 008 | 008 250505s9999 xx 000 0 eng d | ||
| 037 | _aTextual | ||
| 040 |
_aFEDL _beng _cFEDL |
||
| 041 |
_aeng _2eng |
||
| 084 |
_a379.548 2, MAD _qFEDL |
||
| 245 | 0 | _aReport of public instruction in the Madras Presidency for the year 1934-35 | |
| 245 | 0 | _cMadras | |
| 300 | _a237p | ||
| 650 |
_aEducation - Madras _9760609 |
||
| 942 |
_cTEXL _h379.548 2, MAD |
||
| 999 |
_c1333788 _d1333788 |
||